[Event "GRENKE Chess Open 2024"]
[Site "Karlsruhe GER"]
[Date "2024.03.28"]
[Round "1.6"]
[White "Anton Guijarro, David"]
[Black "Goossens, Hanne"]
[Result "1-0"]
[WhiteTitle "GM"]
[BlackTitle "WIM"]
[WhiteElo "2671"]
[BlackElo "2125"]
[WhiteFideId "2285525"]
[BlackFideId "200468"]
[EventDate "2024.03.28"]

1. c4 e5 2. g3 Nf6 3. Bg2 c6 4. d4 e4 5. Bg5 d5 6. Bxf6 Qxf6 7. Nc3 Bb4 8. e3
O-O 9. Ne2 Bg4 10. O-O Bxc3 11. bxc3 dxc4 12. Bxe4 Bf3 13. Bxf3 Qxf3 14. Nf4
Qxd1 15. Rfxd1 Nd7 16. a4 g5 17. Nh5 b5 18. axb5 cxb5 19. Ra6 Rfb8 20. Rda1 Rb7
21. Kg2 Nb6 22. Nf6+ Kg7 23. Ne4 Nd5 24. Rd6 Nb6 25. Nc5 Rbb8 26. Ra5 b4 27.
cxb4 c3 28. Nd3 Rc8 29. Rxg5+ Kf8 30. Rc5 Na4 31. Rxc8+ Rxc8 32. Ra6 Nb2 33. Nc1
Rc4 34. Rxa7 Rxb4 35. Kf3 Nd1 36. Ke2 c2 37. Rc7 Rb2 38. g4 1-0

[Event "GRENKE Chess Open 2024"]
[Site "Karlsruhe GER"]
[Date "2024.03.28"]
[Round "1.20"]
[White "Indjic, Aleksandar"]
[Black "Diller, Daniel"]
[Result "1-0"]
[WhiteTitle "GM"]
[WhiteElo "2595"]
[BlackElo "2121"]
[WhiteFideId "911925"]
[BlackFideId "12908983"]
[EventDate "2024.03.28"]

1. e4 e5 2. Nf3 Nc6 3. Bb5 a6 4. Ba4 Nf6 5. d3 b5 6. Bb3 Bc5 7. Nc3 h6 8. a3 d6
9. Nd5 O-O 10. Nxf6+ Qxf6 11. Bd5 Bd7 12. Rg1 Rab8 13. g4 Nd4 14. Nxd4 Bxd4 15.
Rg2 c6 16. Ba2 Be6 17. c3 Bxa2 18. Rxa2 Bb6 19. b4 d5 20. Re2 d4 21. cxd4 Bxd4
22. Rc2 Rbc8 23. g5 hxg5 24. Bxg5 Qe6 25. Qg4 Qxg4 26. Rxg4 f6 27. Be3 Rfd8 28.
Ke2 Rd6 29. f4 Rcd8 30. Bxd4 Rxd4 31. fxe5 f5 32. Rf4 fxe4 33. Rxe4 Rxd3 34.
Rxc6 Rxa3 35. e6 Ra2+ 36. Ke3 Rxh2 37. Rxa6 Rh6 38. Rb6 Rh3+ 39. Ke2 Rh2+ 40.
Kf3 Rh5 41. Kg4 Rhd5 42. Rc6 Rd4 43. Kf4 g5+ 44. Ke3 Rxe4+ 45. Kxe4 Kf8 46. Rc5
Ke7 47. Ke5 Rd1 48. Rc7+ Ke8 49. Rg7 Re1+ 50. Kd6 Rd1+ 51. Kc5 Re1 52. Rxg5 Rxe6
53. Kxb5 Kd7 54. Rc5 Re8 55. Ka6 Rb8 56. b5 Ra8+ 57. Kb7 Ra1 58. Rd5+ Ke7 59. b6
Ke6 60. Rd2 Rc1 61. Ka7 Ra1+ 62. Kb8 Rb1 63. b7 Rc1 64. Ra2 1-0

[Event "GRENKE Chess Open 2024"]
[Site "Karlsruhe GER"]
[Date "2024.03.28"]
[Round "1.23"]
[White "Katkov, Michelle"]
[Black "Pultinevicius, Paulius"]
[Result "0-1"]
[WhiteTitle "WFM"]
[BlackTitle "GM"]
[WhiteElo "2120"]
[BlackElo "2575"]
[WhiteFideId "2816393"]
[BlackFideId "12809390"]
[EventDate "2024.03.28"]

1. e4 c6 2. d4 d5 3. exd5 cxd5 4. Bd3 Nc6 5. c3 Qc7 6. Na3 a6 7. Nc2 Nf6 8. h3
e6 9. Nf3 Bd6 10. O-O O-O 11. Re1 b6 12. Qe2 Bb7 13. Bd2 Rfe8 14. Rad1 Ne4 15.
Bc1 b5 16. Bxe4 dxe4 17. Qxe4 Ne5 18. Qe2 Nxf3+ 19. gxf3 Bd5 20. a3 Qe7 21. f4
Qh4 22. Qe3 Bb3 23. Re2 Qh5 24. Rd3 Bc4 25. Red2 Qg6+ 26. Kh2 Bxd3 0-1

[Event "GRENKE Chess Open 2024"]
[Site "Karlsruhe GER"]
[Date "2024.03.28"]
[Round "1.42"]
[White "Guliyev, Namig"]
[Black "Smirnov, Mark"]
[Result "1/2-1/2"]
[WhiteTitle "GM"]
[BlackTitle "CM"]
[WhiteElo "2508"]
[BlackElo "2111"]
[WhiteFideId "13400363"]
[BlackFideId "13764594"]
[EventDate "2024.03.28"]

1. e4 c5 2. Nf3 d6 3. Bb5+ Nd7 4. d4 cxd4 5. Qxd4 a6 6. Bxd7+ Bxd7 7. c4 b5 8.
Na3 Nf6 9. Bg5 Qa5+ 10. Bd2 Qc7 11. O-O e5 12. Qd3 Bc6 13. cxb5 Bxe4 14. Qe2 Qb7
15. Bg5 Be7 16. Rfe1 Bd5 17. bxa6 Rxa6 18. Nb5 1/2-1/2

[Event "GRENKE Chess Open 2024"]
[Site "Karlsruhe GER"]
[Date "2024.03.28"]
[Round "1.44"]
[White "Costa, Leonardo"]
[Black "Toepfer, Albrecht"]
[Result "1-0"]
[WhiteTitle "FM"]
[WhiteElo "2479"]
[BlackElo "2109"]
[WhiteFideId "16213955"]
[BlackFideId "12924067"]
[EventDate "2024.03.28"]

1. e4 d6 2. d4 Nf6 3. Nc3 e5 4. dxe5 dxe5 5. Qxd8+ Kxd8 6. Bc4 Bb4 7. Bxf7 Rf8
8. Bb3 Nxe4 9. Ne2 Nc6 10. O-O Nc5 11. Bd5 Ne7 12. Be3 c6 13. Bc4 Ne6 14. a3 Ba5
15. Ne4 Nf5 16. N2g3 Kc7 17. Nxf5 Rxf5 18. Rad1 Bd7 19. Nd6 Rff8 20. Nxb7 Bb6
21. Nd6 Nd4 22. c3 Nf5 23. Nxf5 Bxf5 24. Rfe1 Rae8 25. h3 h6 26. Rd2 Be6 27.
Bxe6 Rxe6 28. Kf1 Rf7 29. a4 g5 30. b3 Re8 31. Bxb6+ axb6 32. Re3 Rf4 33. Ke2 e4
34. Ke1 1-0

[Event "GRENKE Chess Open 2024"]
[Site "Karlsruhe GER"]
[Date "2024.03.28"]
[Round "1.50"]
[White "Bazakutsa, Svyatoslav"]
[Black "Kwiatkowski, Jakub"]
[Result "1-0"]
[WhiteTitle "IM"]
[WhiteElo "2462"]
[BlackElo "2105"]
[WhiteFideId "14198525"]
[BlackFideId "1348736"]
[EventDate "2024.03.28"]

1. c4 Nf6 2. Nc3 e6 3. e4 c5 4. e5 Ng8 5. d4 cxd4 6. Qxd4 Nc6 7. Qf4 d6 8. Nf3
dxe5 9. Nxe5 Nf6 10. Nxc6 bxc6 11. Qg3 Bc5 12. Be2 O-O 13. O-O Bd6 14. Bf4 Bxf4
15. Qxf4 Qe7 16. Bf3 e5 17. Rfe1 Re8 18. Qe3 Bd7 19. Rad1 Rab8 20. b3 a5 21. c5
Rb4 22. h3 h6 23. Rd6 e4 24. Be2 Ra8 25. Bc4 Ne8 26. Rd4 Nc7 27. Nxe4 Be6 28.
Nd6 Qf6 29. Rf4 Nd5 30. Rxf6 Nxe3 31. Rxe6 Nd5 1-0

[Event "GRENKE Chess Open 2024"]
[Site "Karlsruhe GER"]
[Date "2024.03.29"]
[Round "2.14"]
[White "Schnepp, Gunnar"]
[Black "Meier, Georg"]
[Result "0-1"]
[WhiteTitle "FM"]
[BlackTitle "GM"]
[WhiteElo "2252"]
[BlackElo "2620"]
[WhiteFideId "1604503"]
[BlackFideId "4675789"]
[EventDate "2024.03.28"]

1. d4 e6 2. c4 b6 3. e4 Bb4+ 4. Nd2 Bb7 5. Qc2 c5 6. Nf3 cxd4 7. Nxd4 Nc6 8.
Nxc6 dxc6 9. a3 Be7 10. Be2 Nf6 11. e5 Nd7 12. Nf3 c5 13. h4 Qc7 14. Bf4 O-O-O
15. Qc3 Nf8 16. h5 h6 17. Rh3 Be4 18. Qe3 Bf5 19. Rg3 g5 20. hxg6 Nxg6 21. Bxh6
Rd4 22. Nxd4 cxd4 23. Qd2 Qxe5 24. O-O-O Bh4 25. f4 Qd6 26. Rxg6 Bxg6 27. Bg7
Rd8 28. Qxd4 Qc6 29. Qe3 Rxd1+ 30. Kxd1 Qxg2 31. c5 Qd5+ 32. Qd4 Qh1+ 0-1

[Event "GRENKE Chess Open 2024"]
[Site "Karlsruhe GER"]
[Date "2024.03.29"]
[Round "2.19"]
[White "Nechitaylo, Nikita"]
[Black "Indjic, Aleksandar"]
[Result "0-1"]
[WhiteTitle "CM"]
[BlackTitle "GM"]
[WhiteElo "2244"]
[BlackElo "2595"]
[WhiteFideId "34138161"]
[BlackFideId "911925"]
[EventDate "2024.03.28"]

1. d4 Nf6 2. c4 e6 3. Nc3 Bb4 4. e3 O-O 5. Ne2 Re8 6. a3 Bf8 7. Ng3 d5 8. Bd3 b6
9. cxd5 exd5 10. O-O Bb7 11. b4 Nbd7 12. Bb2 a6 13. Rc1 g6 14. Bb1 h5 15. Ba2 b5
16. Nge2 Nb6 17. Nf4 Nc4 18. Nd3 Nxb2 19. Nxb2 Bd6 20. Qf3 c6 21. Nd3 Bc8 22. g3
a5 23. Rfe1 axb4 24. axb4 Ra3 25. Nc5 Bxc5 26. dxc5 Bg4 27. Qg2 d4 28. f3 dxc3
29. fxg4 Qd2 30. Bb1 Nxg4 31. e4 Qd4+ 0-1

[Event "GRENKE Chess Open 2024"]
[Site "Karlsruhe GER"]
[Date "2024.03.29"]
[Round "3.23"]
[White "Coenen, Michael"]
[Black "Hong, Andrew"]
[Result "0-1"]
[WhiteTitle "FM"]
[BlackTitle "GM"]
[WhiteElo "2320"]
[BlackElo "2542"]
[WhiteFideId "4697367"]
[BlackFideId "2099438"]
[EventDate "2024.03.28"]

1. e4 e5 2. Nf3 Nc6 3. d4 exd4 4. Nxd4 Nf6 5. Nc3 Bb4 6. Nxc6 bxc6 7. Bd3 d5 8.
exd5 O-O 9. O-O cxd5 10. Bg5 Be6 11. Ne2 h6 12. Bh4 Bd6 13. Nd4 Bd7 14. c3 c5
15. Nf5 Bxf5 16. Bxf5 g5 17. Bg3 Bxg3 18. fxg3 Qb6 19. Rf2 Rae8 20. Qf3 c4 21.
Rf1 Re3 22. Qd1 Rfe8 23. Kh1 Re1 24. Rxe1 Qxf2 25. Rf1 Qxb2 26. Qf3 Qe2 27. h4
Qxf3 28. Rxf3 g4 29. Rf4 h5 30. Bc2 Kg7 31. Rf5 Re3 32. Rg5+ Kf8 33. Rf5 Ke7 34.
Ba4 Rxc3 35. Re5+ Kd6 0-1

[Event "GRENKE Chess Open 2024"]
[Site "Karlsruhe GER"]
[Date "2024.03.30"]
[Round "4.14"]
[White "Baum, Jonasz"]
[Black "Indjic, Aleksandar"]
[Result "0-1"]
[WhiteTitle "IM"]
[BlackTitle "GM"]
[WhiteElo "2400"]
[BlackElo "2595"]
[WhiteFideId "1195360"]
[BlackFideId "911925"]
[EventDate "2024.03.28"]

1. d4 Nf6 2. c4 e6 3. Nc3 Bb4 4. f3 c5 5. d5 d6 6. e4 b5 7. Ne2 bxc4 8. Nf4 e5
9. Ne2 Nbd7 10. Ng3 Nb6 11. Be2 Ng8 12. O-O Ne7 13. f4 exf4 14. Bxf4 Ng6 15. Qc1
Bxc3 16. Qxc3 O-O 17. Nh5 f6 18. Qg3 Re8 19. Bh6 Rxe4 20. Bxg7 Rxe2 21. Rxf6 Nd7
22. Raf1 Nxf6 23. Bxf6 Qe8 24. Bd4 Qe7 25. Nf6+ Kh8 26. Bc3 Qe3+ 27. Qxe3 Rxe3
28. Ne8+ Rxc3 29. bxc3 Bb7 30. Nxd6 Bxd5 31. Rf5 Bxg2 32. h4 Bh3 33. Rg5 Be6 0-1

[Event "GRENKE Chess Open 2024"]
[Site "Karlsruhe GER"]
[Date "2024.03.30"]
[Round "4.18"]
[White "Nothnagel, Marian Can"]
[Black "Muradli, Mahammad"]
[Result "0-1"]
[WhiteTitle "FM"]
[BlackTitle "GM"]
[WhiteElo "2381"]
[BlackElo "2555"]
[WhiteFideId "12921530"]
[BlackFideId "13409301"]
[EventDate "2024.03.28"]

1. e4 c5 2. Nf3 d6 3. Bb5+ Nd7 4. Ba4 a6 5. c4 Nf6 6. Nc3 g6 7. O-O Bg7 8. d3
O-O 9. h3 Ne8 10. Be3 e5 11. a3 Nc7 12. b4 Ne6 13. Nd5 Rb8 14. Rb1 b5 15. Bb3
Bb7 16. Qd2 Kh8 17. Rfc1 f5 18. Ng5 Bxd5 19. cxd5 Nxg5 20. Bxg5 Bf6 21. Bxf6+
Qxf6 22. f3 fxe4 23. fxe4 Qh4 24. Bd1 Qe7 25. Bg4 Nf6 26. Bf3 Rbc8 27. Qe3 Kg7
28. Kh2 h5 29. a4 cxb4 30. axb5 Rxc1 31. Qxc1 a5 32. Ra1 Qa7 33. Qc6 Nd7 34.
Qxd6 Rf6 35. Qe7+ Rf7 36. Qg5 Qb6 37. d4 Qd6 38. Rxa5 exd4+ 39. Kh1 b3 40. Qd2
Qc5 41. Ra4 Kh7 42. Rxd4 Ne5 43. d6 Qxb5 44. Be2 b2 45. Bxb5 b1=Q+ 46. Kh2 Qxb5
47. Rd5 Qe8 48. Qd4 Nd7 49. Ra5 Qe6 50. Kg1 Kg8 51. Ra8+ Rf8 52. Ra7 Rd8 53. Rc7
Nf6 54. e5 Nd7 55. Qe4 Kh8 56. Qf4 Rf8 57. Qh6+ Kg8 58. Rxd7 Qxd7 59. Qxg6+ Qg7
60. Qxh5 Qg3 61. d7 Qe3+ 62. Kh2 Qf4+ 63. Kh1 Qf1+ 64. Kh2 Qf4+ 65. Kh1 Kg7 66.
e6 Kf6 67. Qh7 Kxe6 68. d8=Q Rxd8 69. Qg6+ Qf6 70. Qe4+ Kf7 71. Qc4+ Kg7 72.
Qg4+ Kh6 73. Qe2 Rd4 74. Qe3+ Kh7 75. Qe2 Kg7 76. Kg1 Ra4 0-1

[Event "GRENKE Chess Open 2024"]
[Site "Karlsruhe GER"]
[Date "2024.03.30"]
[Round "4.46"]
[White "Wong, Gengchun"]
[Black "Kanov, Nikola"]
[Result "1/2-1/2"]
[BlackTitle "FM"]
[WhiteElo "2283"]
[BlackElo "2424"]
[WhiteFideId "12963283"]
[BlackFideId "2928531"]
[EventDate "2024.03.28"]

1. e4 c5 2. Nf3 e6 3. d4 cxd4 4. Nxd4 Nc6 5. Nc3 Qc7 6. Ncb5 Qb8 7. Bd3 a6 8.
Nxc6 bxc6 9. Nd4 Nf6 10. O-O c5 11. Nf3 c4 12. Bxc4 Nxe4 13. Qd4 Bb7 14. Re1 Nf6
15. Bg5 Be7 16. Ne5 Qc7 17. Bd3 h6 18. Qh4 Rg8 19. Bd2 d6 20. Qa4+ Kf8 21. Nc4
Bc6 22. Qa5 Qb7 23. Bf1 Bb5 24. Bb4 Bxc4 25. Bxc4 d5 26. Bxe7+ Qxe7 27. Bd3 g6
28. c4 dxc4 29. Bxc4 Kg7 30. Rad1 Rgc8 31. b3 Rc5 32. Qb6 e5 33. Qd6 Qxd6 34.
Rxd6 a5 35. a4 e4 36. Kf1 Ra7 37. h3 Re7 38. Red1 e3 39. fxe3 Rxe3 40. Kg1 Re7
41. Rb6 Ne4 42. Rd5 Rcc7 43. Ra6 Nc3 44. Rd2 Rc5 45. Rc2 Nd5 46. Rd2 Ne3 47. Re2
Ree5 48. Rf2 f5 49. Bb5 h5 50. Rxa5 Kh6 51. Ra8 Rc1+ 52. Kh2 h4 53. Rd8 Kg5 54.
Rd4 Rb1 55. b4 Nd5 56. Bd3 Rd1 57. g3 hxg3+ 58. Kxg3 Re3+ 59. Rf3 f4+ 60. Rxf4
Rdxd3 61. Rg4+ Kh6 62. Rxe3 Rxe3+ 63. Kh2 Ra3 64. Rd4 Ne3 65. a5 Ra2+ 66. Kg1
Kg5 67. Re4 Nf5 68. Rc4 Kh5 69. Rg4 g5 70. Rc4 Ne7 71. Kf1 Nd5 72. Ke1 Rb2 73.
h4 Ne3 74. Re4 Ng2+ 75. Kd1 gxh4 76. Kc1 Ra2 77. Kb1 h3 78. Kxa2 h2 79. Re8 Kg4
80. Rg8+ Kh3 81. a6 h1=Q 82. a7 Qd1 83. a8=Q Qc2+ 84. Ka3 Qc3+ 85. Ka4 Qa1+ 86.
Kb5 Qe5+ 87. Kb6 Qd4+ 88. Ka6 Qd6+ 89. Ka5 Qc7+ 90. Ka4 Qc2+ 91. Kb5 Qd3+ 92.
Kb6 Qd4+ 93. Ka5 Qa1+ 94. Kb5 Qe5+ 95. Ka6 Qd6+ 96. Ka5 Qc7+ 97. Ka6 1/2-1/2

[Event "GRENKE Chess Open 2024"]
[Site "Karlsruhe GER"]
[Date "2024.03.30"]
[Round "5.6"]
[White "Erdogmus, Yagiz Kaan"]
[Black "Mishra, Abhimanyu"]
[Result "1/2-1/2"]
[WhiteTitle "IM"]
[BlackTitle "GM"]
[WhiteElo "2540"]
[BlackElo "2627"]
[WhiteFideId "44599790"]
[BlackFideId "30920019"]
[EventDate "2024.03.28"]

1. d4 d5 2. c4 c6 3. cxd5 cxd5 4. Nc3 Nf6 5. Bf4 Nc6 6. e3 a6 7. Bd3 Bg4 8. Nge2
e6 9. h3 Bxe2 10. Qxe2 Bd6 11. Bg5 O-O 12. O-O h6 13. Bh4 Be7 14. Rfc1 Ne8 15.
Bxe7 Qxe7 16. Na4 Nd6 17. a3 Na5 18. Rc3 Rac8 19. Rac1 Rxc3 20. Rxc3 Nac4 21.
Bxc4 Nxc4 22. Nc5 Rc8 23. Qc2 Nd6 24. Nd3 Rc6 25. Rc5 Rxc5 1/2-1/2

[Event "GRENKE Chess Open 2024"]
[Site "Karlsruhe GER"]
[Date "2024.03.30"]
[Round "5.7"]
[White "Svane, Rasmus"]
[Black "Hong, Andrew"]
[Result "1-0"]
[WhiteTitle "GM"]
[BlackTitle "GM"]
[WhiteElo "2623"]
[BlackElo "2542"]
[WhiteFideId "4657101"]
[BlackFideId "2099438"]
[EventDate "2024.03.28"]

1. d4 Nf6 2. Nf3 d5 3. c4 e6 4. Nc3 Bb4 5. Qa4+ Nc6 6. e3 O-O 7. Qc2 Re8 8. Bd2
a6 9. a3 Bd6 10. h3 Bd7 11. Rd1 h6 12. b4 dxc4 13. Bxc4 e5 14. O-O Qe7 15. Bc1
b5 16. Nd5 Qd8 17. dxe5 Nxe5 18. Nxe5 Rxe5 19. f4 Re8 20. Nxf6+ Qxf6 21. Bd5
Rad8 22. Bb2 Qe7 23. e4 c6 24. Qc3 Qf8 25. Bxf7+ Qxf7 26. Rxd6 Rxe4 27. f5 Kh7
28. Qd3 Qc4 29. Rd1 Re2 30. Bc3 Re4 31. Qg3 Re7 32. Rxh6+ Kg8 33. Rg6 Qb3 34.
Rxg7+ Kf8 35. Rxe7 Qxd1+ 36. Re1 1-0

[Event "GRENKE Chess Open 2024"]
[Site "Karlsruhe GER"]
[Date "2024.03.30"]
[Round "5.8"]
[White "Horvath, Dominik"]
[Black "Santos Latasa, Jaime"]
[Result "1-0"]
[WhiteTitle "IM"]
[BlackTitle "GM"]
[WhiteElo "2534"]
[BlackElo "2621"]
[WhiteFideId "1642561"]
[BlackFideId "2293307"]
[EventDate "2024.03.28"]

1. e4 c5 2. Nf3 d6 3. d4 cxd4 4. Nxd4 Nf6 5. Nc3 a6 6. Bg5 Nbd7 7. Qe2 e6 8.
O-O-O Qc7 9. g3 Be7 10. Bg2 h6 11. Be3 g6 12. f4 e5 13. Rhf1 Nb6 14. fxe5 dxe5
15. Nb3 Nc4 16. Bc5 Bxc5 17. Rxf6 Be6 18. Nd5 Bxd5 19. exd5 Be7 20. d6 Nxd6 21.
Qxe5 O-O-O 22. Rff1 Rhe8 23. Kb1 Bg5 24. Qd4 Re2 25. Qg4+ Re6 26. Bd5 Kb8 27.
Bxe6 fxe6 28. Qxe6 Nf5 29. Rxd8+ Qxd8 30. Re1 Ka7 31. Qxg6 Ne7 32. Qe4 Nc6 33.
c3 Bf6 34. Qe3+ 1-0

[Event "GRENKE Chess Open 2024"]
[Site "Karlsruhe GER"]
[Date "2024.03.30"]
[Round "5.12"]
[White "Sjugirov, Sanan"]
[Black "Ostrovskiy, Andrey"]
[Result "1-0"]
[WhiteTitle "GM"]
[BlackTitle "IM"]
[WhiteElo "2690"]
[BlackElo "2420"]
[WhiteFideId "4189302"]
[BlackFideId "14110326"]
[EventDate "2024.03.28"]

1. e4 e5 2. Nf3 Nc6 3. Bb5 a6 4. Ba4 Nf6 5. O-O Be7 6. Re1 b5 7. Bb3 d6 8. c3
O-O 9. h3 h6 10. d4 Re8 11. Nbd2 Bf8 12. Bc2 Bd7 13. a3 a5 14. b3 b4 15. Bb2
bxc3 16. Bxc3 exd4 17. Nxd4 Nxd4 18. Bxd4 Bc6 19. Bd3 d5 20. e5 Ne4 21. Nxe4
dxe4 22. Bc4 Bd5 23. Qc2 c6 24. Rxe4 Qd7 25. Rg4 Be6 26. Rf4 Rab8 27. Bc3 Qc7
28. a4 Qb6 29. Rb1 Bc5 30. Qe4 Bxc4 31. Qxc4 Re6 32. Rd1 Be7 33. Rb1 Bc5 34. Qe4
Rd8 35. Qe1 Rd5 36. Qe4 Qa7 37. Rf1 Bd6 38. Re1 Bc5 39. Qc4 Qb6 40. h4 Qd8 41.
Rfe4 Bb6 42. Qe2 Rd3 43. Rc4 Qd5 44. Qe4 Qxe4 45. Rexe4 Rd1+ 46. Be1 Rb1 47. b4
Ra1 48. Kh2 f5 49. Bc3 Rc1 50. Bd2 Rxc4 51. Rxc4 axb4 52. Rxb4 Bxf2 53. Bc3 c5
54. Rb8+ Kf7 55. Rb7+ Re7 56. Rb5 g5 57. a5 Ke6 58. Rb6+ Kd5 59. Rxh6 gxh4 60.
a6 Kc4 61. Ba5 Kb5 62. Bd8 Bg3+ 63. Kh3 Rxe5 64. a7 Re1 65. Rb6+ Kc4 66. Bxh4
Ra1 67. Kxg3 Rxa7 68. Kf4 Ra2 69. Rg6 Kd5 70. Kxf5 c4 71. Rg8 c3 72. Rd8+ Kc4
73. g4 c2 74. Rc8+ Kd3 75. Bg5 Ra5+ 76. Kg6 Ra6+ 77. Kh5 Ra1 78. Bf4 Ke4 79.
Rxc2 Kxf4 80. g5 Rh1+ 81. Kg6 Rg1 82. Kf6 1-0

[Event "GRENKE Chess Open 2024"]
[Site "Karlsruhe GER"]
[Date "2024.03.30"]
[Round "5.13"]
[White "Anton Guijarro, David"]
[Black "Hrbek, Stepan"]
[Result "1-0"]
[WhiteTitle "GM"]
[BlackTitle "IM"]
[WhiteElo "2671"]
[BlackElo "2417"]
[WhiteFideId "2285525"]
[BlackFideId "393479"]
[EventDate "2024.03.28"]

1. e4 e5 2. Nf3 Nc6 3. Bc4 Nf6 4. d3 h6 5. O-O d6 6. a4 a5 7. c3 g5 8. Qb3 Qe7
9. Be3 Bg7 10. Nbd2 Rb8 11. d4 O-O 12. dxe5 Nxe5 13. Nxe5 dxe5 14. f3 b6 15. g4
Ne8 16. Rfd1 Nd6 17. Bd5 Bd7 18. Qc2 Be6 19. Nf1 Bxd5 20. Rxd5 Qe6 21. Rad1 Nc8
22. Ng3 Ne7 23. Rd7 Rfc8 24. Kh1 Bf8 25. h4 gxh4 26. Nf5 Nxf5 27. gxf5 Qf6 28.
Rg1+ Kh8 29. b4 Bd6 30. Qa2 Rf8 31. Rg4 Rbd8 32. Rxd8 Rxd8 33. bxa5 bxa5 34. Bf2
Be7 35. Bxh4 Qa6 36. Bxe7 Rd1+ 37. Kh2 h5 38. Rg1 Rxg1 39. Kxg1 1-0

[Event "GRENKE Chess Open 2024"]
[Site "Karlsruhe GER"]
[Date "2024.03.30"]
[Round "5.27"]
[White "Nevednichy, Vladislav"]
[Black "Smolik, Jachym"]
[Result "1-0"]
[WhiteTitle "GM"]
[BlackTitle "FM"]
[WhiteElo "2445"]
[BlackElo "2386"]
[WhiteFideId "1205730"]
[BlackFideId "23701641"]
[EventDate "2024.03.28"]

1. e4 c6 2. d4 d5 3. e5 Bf5 4. h4 h5 5. Bd3 Bxd3 6. Qxd3 Qa5+ 7. Nd2 e6 8. Nf3
Nh6 9. O-O Nf5 10. c4 Qa6 11. Qc3 dxc4 12. Nxc4 Nd7 13. Bg5 Nb6 14. Ne3 Ne7 15.
Qc2 Ned5 16. a3 Rc8 17. b4 Rc7 18. Rfe1 Qa4 19. Qd3 Rd7 20. Nf1 Nc7 21. N1d2 Qb5
22. Qc2 Qa4 23. Qd3 Qb5 24. Qb1 Nbd5 25. Ne4 b6 26. Qc2 Na6 27. Rec1 Nb8 28.
Nfd2 Qe2 29. Re1 Qa6 30. Nc4 Be7 31. Bxe7 Kxe7 32. Ned6 Rh6 33. Qb3 b5 34. Nd2
Kf8 35. N2e4 Qb6 36. Nc5 Rc7 37. a4 bxa4 38. Rxa4 a6 39. Nc4 Qa7 40. Rea1 Kg8
41. g3 Rg6 42. Kh2 Ne7 43. Nd6 Qb6 44. Qf3 Nd5 45. Nc4 Qb5 46. Nd6 Qb6 47. Qxh5
Nc3 48. R4a3 Nd5 49. Rb1 Nxb4 50. Rxb4 Qxb4 51. Rb3 Rh6 52. Rxb4 Rxh5 53. Rxb8+
Kh7 54. Kh3 Ra7 55. g4 1-0

[Event "GRENKE Chess Open 2024"]
[Site "Karlsruhe GER"]
[Date "2024.03.30"]
[Round "5.40"]
[White "Stork, Oliver"]
[Black "Vavulin, Maxim"]
[Result "0-1"]
[WhiteTitle "FM"]
[BlackTitle "GM"]
[WhiteElo "2329"]
[BlackElo "2538"]
[WhiteFideId "12955728"]
[BlackFideId "4169530"]
[EventDate "2024.03.28"]

1. c4 g6 2. Nf3 Bg7 3. d4 d6 4. g3 c5 5. Bg2 Nc6 6. d5 Na5 7. Nbd2 a6 8. Rb1 b5
9. b3 Nf6 10. Qc2 e6 11. dxe6 Bxe6 12. Bb2 O-O 13. O-O Re8 14. Ng5 Bf5 15. e4
Bc8 16. f4 Ra7 17. h3 Nc6 18. Rbe1 Na5 19. Rb1 Nc6 20. Rbe1 Na5 21. Rb1 Nc6 22.
Rbe1 Nd4 23. Qb1 Rae7 24. Kh2 Ra7 25. Kg1 Rae7 26. Kh2 Bb7 27. b4 h6 28. bxc5
dxc5 29. Bxd4 cxd4 30. e5 Bxg2 31. Kxg2 hxg5 32. exf6 Re2+ 33. Rxe2 Rxe2+ 34.
Rf2 Rxf2+ 35. Kxf2 Qxf6 36. Qe4 gxf4 37. Qxf4 Qc6 38. cxb5 Qxb5 39. Nf3 d3 40.
g4 Bc3 41. Ng5 Qd5 42. Ne4 Qxa2+ 43. Kg1 Bd4+ 44. Kh1 Qb1+ 45. Kg2 Qg1+ 46. Kf3
Qf1+ 47. Kg3 Qxf4+ 48. Kxf4 a5 49. Nd2 a4 50. Ke4 a3 51. Kxd4 0-1

[Event "GRENKE Chess Open 2024"]
[Site "Karlsruhe GER"]
[Date "2024.03.30"]
[Round "5.42"]
[White "Schlosser, Philipp"]
[Black "Chittka, Julius"]
[Result "1/2-1/2"]
[WhiteTitle "GM"]
[BlackTitle "FM"]
[WhiteElo "2511"]
[BlackElo "2326"]
[WhiteFideId "4600169"]
[BlackFideId "12954772"]
[EventDate "2024.03.28"]

1. c4 e6 2. Nc3 d5 3. d4 Bb4 4. e3 Nf6 5. a3 Bxc3+ 6. bxc3 c6 7. a4 O-O 8. a5
Nbd7 9. Nf3 Re8 10. Be2 e5 11. O-O Qc7 12. Re1 Rb8 13. Ba3 b6 14. axb6 axb6 15.
Qb3 Bb7 16. cxd5 cxd5 17. h3 Ra8 18. Bb2 Rxa1 19. Rxa1 exd4 20. cxd4 Rc8 21. Bd3
Ne4 22. Qb4 Nef6 23. Qb3 Ne4 24. Qb4 Nd6 25. Rc1 Nc4 26. Nd2 Nd6 27. Nf3 Nc4 28.
Nd2 Nd6 29. Nf3 Nc4 30. Nd2 b5 31. Bf5 g6 32. Bg4 Bc6 33. Bc3 f5 34. Bf3 Nf6 35.
Qc5 Ra8 36. Rb1 Kf7 37. g3 Ne4 38. Nxe4 fxe4 39. Bg2 Qd6 40. Bf1 Ke6 41. Qxd6+ 1/2-1/2

[Event "GRENKE Chess Open 2024"]
[Site "Karlsruhe GER"]
[Date "2024.03.30"]
[Round "5.51"]
[White "Wachinger, Nikolas"]
[Black "Senthil, Maran K"]
[Result "1/2-1/2"]
[WhiteTitle "IM"]
[BlackTitle "FM"]
[WhiteElo "2442"]
[BlackElo "2301"]
[WhiteFideId "12962791"]
[BlackFideId "25035681"]
[EventDate "2024.03.28"]

1. e4 c6 2. Nf3 d5 3. Nc3 dxe4 4. Nxe4 Nf6 5. Qe2 Nxe4 6. Qxe4 Nd7 7. d4 Nf6 8.
Qf4 Nd5 9. Qd2 g6 10. Bd3 Bg7 11. O-O O-O 12. Re1 a5 13. c4 Nc7 14. Be4 Ne6 15.
Rd1 Qd6 16. b3 c5 17. Bb2 Nxd4 18. Nxd4 cxd4 19. Bxd4 Rd8 20. Bd5 Bxd4 21. Qxd4
Be6 22. Bxb7 Qxd4 23. Rxd4 Rxd4 24. Bxa8 a4 25. Bf3 Rd2 26. bxa4 Bxc4 27. a5 Ba6
28. h3 Rc2 29. a3 Rc5 30. Rd1 Rxa5 31. Rd8+ Kg7 32. Ra8 Rxa3 33. Be2 Bxe2 34.
Rxa3 Bc4 35. Kh2 Bd5 36. Ra5 e6 37. g4 g5 38. Kg3 Kg6 39. h4 h5 40. hxg5 Kxg5
41. f4+ Kg6 42. g5 Kf5 43. Ra4 e5 44. fxe5 Kxg5 45. Rf4 1/2-1/2

[Event "GRENKE Chess Open 2024"]
[Site "Karlsruhe GER"]
[Date "2024.03.30"]
[Round "5.52"]
[White "Stalmach, Richard"]
[Black "Bracker, Frank"]
[Result "1-0"]
[WhiteTitle "IM"]
[BlackTitle "IM"]
[WhiteElo "2436"]
[BlackElo "2295"]
[WhiteFideId "372048"]
[BlackFideId "24614343"]
[EventDate "2024.03.28"]

1. d4 Nf6 2. c4 e6 3. g3 d5 4. Bg2 Bb4+ 5. Nd2 O-O 6. Nf3 b6 7. O-O Bb7 8. a3
Be7 9. b3 Nbd7 10. Bb2 c5 11. cxd5 Bxd5 12. Rc1 Rc8 13. dxc5 Rxc5 14. Rxc5 Nxc5
15. b4 Ncd7 16. Qc2 Qa8 17. Rc1 b5 18. Qd3 Qb7 19. Qd4 Nb6 20. e4 Bxe4 21. Nxe4
Qxe4 22. Qxe4 Nxe4 23. Rc7 Bf6 24. Bxf6 gxf6 25. Rxa7 Rc8 26. h3 Rc1+ 27. Kh2
Nxf2 28. Nd4 Nc4 29. Nxb5 Ne3 30. g4 Rc2 31. Kg3 Nd3 32. Be4 Nf1+ 33. Kh4 Nf4
34. Bxc2 Ng2+ 35. Kh5 Kg7 36. g5 f5 37. Rxf7+ Kxf7 38. Kh6 Nfe3 39. Kxh7 Nf4 40.
Bb3 Nxh3 41. g6+ Kf6 42. g7 Ng5+ 43. Kh8 Nf7+ 44. Kg8 f4 45. Nd6 Nh6+ 46. Kh7
Neg4 47. Bd1 1-0